Minecraft by Letter - G - Statistics

General Stats
  • This quiz has been taken 56 times
  • The average score is 9 of 10
Answer Stats
Hint Answer % Correct
One of the ores, the only ore to be found in the overworld and the nether Gold
100%
This hostile nether mob shoots fireballs at you Ghast
98%
This item can be used to craft TNT and fireworks, is dropped when creepers and ghasts are killed Gunpowder
98%
The cave version of squids Glow Squid
90%
A block that spawns in the nether that is also a light source Glowstone
90%
The mob that guards the outside of the ocean monuments Guardian
90%
The mob that only spawns in snowy mountains Goat
88%
Considered one of the best food sources Golden Apple
86%
A food source you can find in chests and lush caves Glow Berries
78%
The things blown by pillagers when they start a raid Goat Horn
67%
No matching quizzes found
Score Distribution
Percent of People with Each Score
Percentile by Number Answered
Your Score History
You have not taken this quiz